000 003290000a22001090004500
090 _aAR
_b04635
100 1 _aMajer, Jonathan D.
_917774
245 1 0 _aAnt recolonisation of rehabilitated bauxite mines of Pocos de Caldas, Brazil
041 0 _aInglés
942 _cARTICULO
773 1 _tJournal of tropical ecology
_q97-108 p.
_d1992
_g4
999 _c13735
_d13735